00000000nam 2200000zi 4500
0019.934145
003CaOODSP
00520250115130536
006m     o  d f      
007cr mn|||||||||
008240219e196606##onca    ob   f000 0 eng d
040 |aCaOODSP|beng|erda|cCaOODSP
0861 |aId35-13/1966E-PDF
24504|aThe world market for aerospace products, 1965-1975.
264 1|aOttawa : |bDepartment of Industry, |cJune 1966.
300 |a1 online resource (2 volumes) : |billustrations
336 |atext|btxt|2rdacontent
337 |acomputer|bc|2rdamedia
338 |aonline resource|bcr|2rdacarrier
500 |a"Aerospace study - volume 1"--1st volume, cover.
500 |aDigitized edition from print [produced by Innovation, Science and Economic Development Canada].
504 |aIncludes bibliographical references.
5052 |aAppendix to volume 1.
650 0|aAircraft industry|xForecasting.
650 0|aAircraft supplies industry|xForecasting.
650 0|aAircraft engine industry|xForecasting.
650 0|aAerospace industries|xForecasting.
650 0|aDemand (Economic theory)|xForecasting.
650 6|aIndustrie aéronautique|xPrévision.
650 6|aAvions|xÉquipement|xIndustrie|xPrévision.
650 6|aAvions|xMoteurs|xIndustrie|xPrévision.
650 6|aIndustries aérospatiales|xPrévision.
650 6|aDemande (Théorie économique)|xPrévision.
7101 |aCanada. |bDepartment of Industry, |eissuing body.
85640|qPDF|s2.14 MB|uhttps://publications.gc.ca/collections/collection_2025/isde-ised/Id35-13-1966-eng.pdf
85640|qPDF|s21.30 MB|uhttps://publications.gc.ca/collections/collection_2025/isde-ised/Id35-13-1966-1-eng.pdf